000
00294nam a22001217a 4500
999
_c
164842
_d
164842
082
_a
_b
100
_a
Pashupatinath upadhyaya
245
_a
Parampara aur prayog/
_c
by Pashupatinath upadhyaya
260
_a
Mathura:
_b
Jawahar Pustakalaya ,
_c
300
_a
185p.
650
_a
942
_c
BK